| 000 | 01132cam a2200325 i 4500 | ||
|---|---|---|---|
| 001 | 200459610 | ||
| 999 |
_c200459610 _d77822 |
||
| 003 | TR-AnTOB | ||
| 005 | 20260310143729.0 | ||
| 007 | ta | ||
| 008 | 201215t20222022tu ado 000 0 tur d | ||
| 020 | _a9786050512601 | ||
| 040 |
_aTR-AnU _beng _erda _cTR-AnTOB _dTR-AnTOB |
||
| 041 | 0 | _atur | |
| 050 | 4 |
_aKKX2720 _b.A863 2022 |
|
| 090 |
_aKKX2720 _b.A863 2022 |
||
| 100 | 1 |
_aAtmaca, M. Emin _eauthor _9145098 |
|
| 245 | 1 | 0 |
_aMülki idarenin yeniden yapılandırılması : _bmahalli idarelerin, il ve devlet idaresinin yeniden yapılandırılması : demokratik mükli idare modeli / _cM. Emin Atmaca. |
| 264 | 1 |
_aAnkara : _bYetkin Yayınları, _c2022. |
|
| 264 | 4 | _c©2022 | |
| 300 |
_a968 pages : _btables; illustrations, photographs ; _c24 cm |
||
| 336 |
_atext _btxt _2rdacontent |
||
| 337 |
_aunmediated _bn _2rdamedia |
||
| 338 |
_avolume _bnc _2rdacarrier |
||
| 504 | _aBIB | ||
| 650 | 7 |
_aYerel yönetim _2etuturkob _983252 |
|
| 650 | 7 |
_aDevlet hizmeti _zTürkiye _2etuturkob _932340 |
|
| 650 | 7 |
_aİdare hukuku _zTürkiye _2etuturkob _910433 |
|
| 942 |
_2lcc _cBK |
||